Червоний (Запис № 17573)
[ простий вигляд ]
| 000 -Маркер запису | |
|---|---|
| Контрольне поле сталої довжини | 02812nam a22002537a 4500 |
| 003 - Належність контрольного номера | |
| Контрольне поле | Uzh_bibl |
| 008 - Кодовані дані | |
| Контрольне поле сталої довжини | 260430b |||||||| |||| 00| 0 ukr d |
| 020 ## - Індекс ISBN | |
| ISBN | 978-617-12-1475-0 |
| Ціна | 58.41 |
| 040 ## - Джерело каталогіз. | |
| Код мови каталог. | укр. |
| 041 ## - Код мови видання | |
| Код мови оригіналу | українська |
| Код мови тексту | українська |
| 080 ## - Індекс УДК | |
| Індекс УДК | 821.161.2 |
| 090 ## - Шифри | |
| Поличний індекс | 821.161.2 |
| Авторський знак | К 59 |
| 100 ## - Автор | |
| Автор | Кокотюха, Андрій |
| 245 ## - Назва | |
| Назва | Червоний |
| Відповідальність | Фотограф Е. Дворчук, худож. Н. Переверзєва |
| Фізичний носій | Текст |
| 260 ## - Вихідні дані | |
| Місце видання | Харків |
| Видавництво | Книжковий клуб "Клуб Сімейного Дозвілля" |
| Дата видання | 2016 |
| 300 ## - Фізичний опис | |
| Обсяг | 320 с. |
| Ілл./тип відтвор. | іл. |
| Тип одиниці | В опр. |
| 520 ## - Анотація | |
| Анотація | Книжка представлена у кінообкладинці. Для створення такого роману потрібно багато матеріалу, але головне — натхнення й письменницький хист. Усього цього в А. Кокотюхи вдосталь. Він написав роман за два з половиною місяці. Матеріалами йому слугували мемуари повстанців, публікації українських істориків та розмови зі свідками тих давніх подій. Похвала від ворога — то найліпша похвала… Ця книжка — це три розповіді про Данила Червоного від його найзапекліших ворогів. Міліціонер Михайло Середа щиро вважав упівця Червоного ворогом. У повоєнні роки він, не жаліючи себе, чинив перепони повстанцям. У цих зіткненнях він утратив кохану, та зберіг чоловічу гідність. І не міг не визнати, що Данило — безстрашний воїн. Полковникові КГБ Льву Доброхотову таки вдалося заманити вояка у пастку. А Уляна, дівчина Данила, стала жертвою чекістів. Тепер на ватажка повстанців чекав нелегкий шлях до ГУЛАГу. Воркутлаг. Колишній червоноармієць Віктор Гуров упевнений, що потрапив сюди випадково, а ось ворогам країни рад саме тут і місце. |
| 521 ## - Примітка про цільове призначення | |
| Примітка про цільове призначення | Для широкого кола читачів |
| 546 ## - Примітка про мову | |
| Примітка про мову | укр. |
| 650 ## - Тематичні рубрики | |
| Основна рубрика | Літературно - художнє видання |
| 653 ## - Ключові слова | |
| Ключові слова | Бандерівці |
| -- | Вбивства |
| 655 ## - Термін індексування — жанр/форма | |
| Жанр/форма | Історико- патріотичний роман |
| Типове ділення | Роман |
| 942 ## - ADDED ENTRY ELEMENTS (KOHA) | |
| Джерело класифікації чи схема поличного розташування | |
| Koha item type | Книги |
| Статус вилучення | Статус втрати/відсутності | Джерело класифікації чи схема поличного розташування | Статус пошкодження | Тип обігу (не для випозичання) | Постійне розташування | Поточне розташування | Розташування у відділі | Дата надходження | Інвентарний номер | Total Checkouts | Повний (примірниковий) шифр зберігання | Штрих-код | Date last seen | Дата, для якої чинна ціна заміни | Тип одиниці (рівень примірника) |
|---|---|---|---|---|---|---|---|---|---|---|---|---|---|---|---|
| Бібліотека-філія №3 | Бібліотека-філія №3 | Абонемент старший відділ | 30/04/2026 | 68742 | 821.161.2 | 4151 | 30/04/2026 | 30/04/2026 | Книги |